El capital : conceptos fundamentales

Tallennettuna:
Bibliografiset tiedot
Päätekijä: Harnecker, Marta
Aineistotyyppi: Kirja
Kieli:Undetermined
Julkaistu: Buenos Aires, Argentina Siglo XXI 1974
Aiheet:
Tagit: Lisää tagi
Ei tageja, Lisää ensimmäinen tagi!

MARC

LEADER 00000nam a2200000Ia 4500
008 170316s9999 xx 000 0 und d
090 |a 100 H-3.1c 
100 |a Harnecker, Marta 
245 |a El capital : conceptos fundamentales 
260 |a Buenos Aires, Argentina 
260 |b Siglo XXI 
260 |c 1974 
300 |a 223 páginas 
650 |a FILOSOFÍA 
650 |a MARX 
650 |a ECONOMÍA POLÍTICA 
999 |c 16499  |d 16499 
040 |a cru BVZT 
942 |c 15 D  |h 100 H-3.1c  |2 z